| 000 | 00000cam 2200000zi 4500 |
| 001 | 9.867838 |
| 003 | CaOODSP |
| 005 | 20260209125038 |
| 006 | m o d f |
| 007 | cr cn||||||||| |
| 008 | 190131t20192019onc o f000 0 eng d |
| 040 | |aCaOODSP|beng|erda|cCaOODSP |
| 043 | |an-cn--- |
| 086 | 1 |aH113-25/2019-2E-PDF|zH113-25/2019-2E |
| 245 | 00|aBacillus licheniformis strain FMCH001, Bacillus subtilis strain FMCH002 and F4018-4. |
| 264 | 1|aOttawa, Ontario : |bPest Management Regulatory Agency, Health Canada, |c2019. |
| 264 | 4|c©2019 |
| 300 | |a1 online resource (1 page). |
| 336 | |atext|btxt|2rdacontent |
| 337 | |acomputer|bc|2rdamedia |
| 338 | |aonline resource|bcr|2rdacarrier |
| 490 | 1 |aRegistration decision, |x1925-0940 ; |vRD2019-02 |
| 500 | |aIssued also in French under title: Souche FMCH001 de Bacillus licheniformis, souches FMCH002 de Bacillus subtilis et préparation commerciale F4018-4. |
| 500 | |aCover title. |
| 500 | |a"30 January 2019." |
| 692 | 07|2gccst|aFungicides |
| 692 | 07|2gccst|aToxicology |
| 710 | 1 |aCanada. |bHealth Canada. |
| 710 | 1 |aCanada. |bPest Management Regulatory Agency. |
| 775 | 08|tSouche FMCH001 de Bacillus licheniformis, souches FMCH002 de Bacillus subtilis et préparation commerciale F4018-4.|w(CaOODSP)9.867840 |
| 830 | #0|aRegistration decision,|x1925-0940 ; |vRD2019-02.|w(CaOODSP)9.505184 |
| 856 | 40|qPDF|s56 KB|uhttps://publications.gc.ca/collections/collection_2019/sc-hc/h113-25/H113-25-2019-2-eng.pdf |